Reforma universitaria en Brasil: el desafío del gobierno de Lula. = University reform in Brazil: a challenge for the Lula government /

Kaydedildi:
Detaylı Bibliyografya
Yazar: Trindade, Hélgio
Materyal Türü: Metin
Konular:
Etiketler: Etiketle
Etiket eklenmemiş, İlk siz ekleyin!

MARC

LEADER 00000 a a2200000 04500
001 7342
003
040
100 |a Trindade, Hélgio  
245 |a Reforma universitaria en Brasil: el desafío del gobierno de Lula. =   |b University reform in Brazil: a challenge for the Lula government /  |c Hélgio Trindade 
650 |a ENSEÑANZA SUPERIOR  
650 |a DEMOCRACIA  
650 |a BRASIL  
650 |2 Macrothesaurus de la OCDE  
773 |g volumen 16, número 1; páginas 31-60  
999 |c 26358  |d 26358